书目信息 |
| 题名: |
磨砺社交技能的10种方法
|
|
| 作者: | 博赞, 著 ;张鼎昆 , 徐克茹 译 | |
| 分册: | ||
| 出版信息: | 北京 外语教学与研究出版社 2005.04 |
|
| 页数: | 143页 | |
| 开本: | 19cm | |
| 丛书名: | 思维导图丛书 | |
| 单 册: | ||
| 中图分类: | C912.1-49 | |
| 科图分类: | ||
| 主题词: | 人间交往--ren jian jiao wang--通俗读物 | |
| 电子资源: | ||
| ISBN: | 7-5600-4780-7 | |
| 000 | 01107nam 2200265 450 | |
| 001 | 012006238640 | |
| 005 | 20060919093840.92 | |
| 010 | @a7-5600-4780-7@dCNY16.00 | |
| 100 | @a20060617d2005 km y0chiy0120 ea | |
| 101 | 1 | @achi@ceng |
| 102 | @aCN@b110000 | |
| 105 | @aa z 000yy | |
| 200 | 1 | @a磨砺社交技能的10种方法@Amo li she jiao ji neng de 10 zhong fang fa@f(英) 博赞 (Buzan, T.) 著@F(ying)bo zan(Buzan,T.)zhu@g张鼎昆, 徐克茹译@Gzhang ding kun,xu ke ru yi |
| 210 | @a北京@c外语教学与研究出版社@d2005.04 | |
| 215 | @a143页@c图@d19cm | |
| 225 | 2 | @a思维导图丛书@Asi wei dao tu cong shu |
| 330 | @a本书介绍了磨砺社交技能的10种方法,帮助你提高社交职能,学会解读他人,欣赏他人,激励他人,作人际交往的成功者。 社交智能是最有用的智商,而且可以培养——用本书作者独创的思维导图和社交头脑增强法! | |
| 410 | 0 | @12001 @a思维导图丛书 |
| 606 | 0 | @a人间交往@Aren jian jiao wang@j通俗读物 |
| 690 | @aC912.1-49@v4 | |
| 701 | 1 | @a博赞,@Abo zan,@bT.@g(Buzan, T.)@4著 |
| 702 | 0 | @a张鼎昆@Azhang ding kun@4译 |
| 702 | 0 | @a徐克茹@Axu ke ru@4译 |
| 801 | 0 | @aCN@bQSSK@c20060919 |
| 905 | @a10447@dC912.1-49@eB965 | |
| 磨砺社交技能的10种方法/(英) 博赞 (Buzan, T.) 著/张鼎昆, 徐克茹译.-北京:外语教学与研究出版社,2005.04 |
| 143页:图;19cm.-(思维导图丛书) |
| ISBN 7-5600-4780-7:CNY16.00 |
| 本书介绍了磨砺社交技能的10种方法,帮助你提高社交职能,学会解读他人,欣赏他人,激励他人,作人际交往的成功者。 社交智能是最有用的智商,而且可以培养——用本书作者独创的思维导图和社交头脑增强法! |
| ● |
| 相关链接 |
|
|
|
正题名:磨砺社交技能的10种方法
索取号:C912.1-49/B965
 
预约/预借
| 序号 | 登录号 | 条形码 | 馆藏地/架位号 | 状态 | 备注 |
| 1 | 588445 | 205884453 | 社科库509/509社科库 58排2列1层/ [索取号:C912.1-49/B965] | 在馆 | |
| 2 | 588446 | 205884462 | 社科库509/509社科库 58排2列1层/ [索取号:C912.1-49/B965] | 在馆 | |
| 3 | 588447 | 205884471 | 社科库509/509社科库 58排2列1层/ [索取号:C912.1-49/B965] | 在馆 |